| 000 | 01290cam a2200229 4500 | ||
|---|---|---|---|
| 001 | ABS65868 | ||
| 008 | 020905n2002 000 0 eng u | ||
| 035 | _a(Sirsi) u119571 | ||
| 100 | _aOwens, S. | ||
| 245 | _aEnvironmental planning - the need for fundamental change | ||
| 260 | _c2002 | ||
| 490 |
_aTown & Country Planning _v71 (7/8) July/ August 2002, 198-201(4) |
||
| 520 | _aThe recent Royal Commission on environmental pollution report in March 2002 'Environmental Planning' argues that the challenges of the 21st century demand a coherent environmental planning framework which we currently do not have. It advocates reforming the present town and country planning system by moving it in a more holistic direction to also include such things as agriculture and forestry. The Commission envisages a far-sighted spatial strategy that writes the functions of land-use planning with those of pollution control, resource management and nature conservation. | ||
| 590 | _aABS | ||
| 650 | _aENVIRONMENTAL POLLUTION | ||
| 650 | _aENVIRONMENTAL PLANNING | ||
| 650 | _aPLANNING SYSTEM | ||
| 650 | _aROYAL COMMISSION ON ENVIRONMENTAL POLLUTION | ||
| 650 | _aTOWN AND COUNTRY PLANNING SYSTEM | ||
| 690 | _aENVIRONMENTAL AND LAND CONSULTANCY-PLANNING AND DEVELOPMENT | ||
| 942 | _n0 | ||
| 999 |
_c71090 _d71090 |
||